Französisch Grundwissen - Konjugationen: faire, avoir und aller - Statistiken

Allgemein
  • Dieses Quiz wurde 99 mal gespielt
  • Das Durchschnittsergebnis liegt bei 18 aus 21
Antwortstatistiken
Hint Antwort % Korrekt
Tu fais
99%
Je fais
97%
Il/Elle fait
96%
Infinitiv Übersetzung machen
93%
Il/Elle a
92%
Je ai
90%
Vous avez
90%
Tu as
89%
Nous avons
89%
Vous allez
88%
Nous allons
88%
Nous faisons
88%
Infinitiv Übersetzung gehen
88%
Infinitiv Übersetzung haben
86%
Il/Elle va
81%
Tu vas
81%
Je vais
79%
Ils/Elles ont
75%
Ils/Elles vont
72%
Ils/Elles font
68%
Vous faites
57%
Keine übereinstimmenden Quizze gefunden
Verteilung der Resultate
Anzahl Personen mit jedem Resultat
Perzentil nach korrekt beantworteten Fragen
Ihre Resultats-Entwicklung
Sie haben dieses Quiz noch nicht gespielt